| 000 | 00604nam a2200205Ia 4500 | ||
|---|---|---|---|
| 005 | 20221117141615.0 | ||
| 008 | 210716s2011 xx 000 0 und d | ||
| 020 | _a9788177583304 | ||
| 040 | _cAIMIT LIBRARY | ||
| 041 | _aeng | ||
| 082 |
_a005.368 _21 _bHUMW |
||
| 100 |
_aHumphrey, Watts S. _962511 |
||
| 245 |
_aManaging the software process / _cBy Watt S. Humphery. |
||
| 250 | _a1st ed. | ||
| 260 |
_aNew Delhi : _bPearson , _c,2011. |
||
| 300 |
_axviii,494 p,; _c24.5 cm. |
||
| 650 |
_aRepeatable process _962512 |
||
| 650 |
_asoftware inspections _962513 |
||
| 942 |
_2ddc _cBK _e1st _k005.368 HUMW |
||
| 999 |
_c191205 _d191205 |
||